A palavra feia de Alberto (Record no. 113487)

MARC details
000 -LÍDER
campo de controle de tamanho fixo 00961 a2200289 4500
001 - NÚMERO DE CONTROLE
campo de controle 113487
020 ## - ISBN - INTERNATIONAL STANDARD BOOK NUMBER
ISBN - International Standard Book Number 9788508046676
041 ## - CÓDIGO DE IDIOMA
Código do idioma do texto/trilha sonora ou título diferente por
082 ## - CDD - CLASSIFICAÇÃO DECIMAL DE DEWEY
Número de Classificação JK 028
040 ## - FONTE DA CATALOGAÇÃO
Instituição da catalogação original BR-BrIDEA
Instituição que transcreveu o registro BR-BrIDEA
090 ## - NÚMERO DE CHAMADA LOCAL
Número de chamada (OCLC) (R); Número de chamada, CALL (RLIN) (NR) JK 028
Número Cutter local (OCLC); Número de classificação do livro, CALL (RLIN) WOO
100 ## - ENTRADA PRINCIPAL--NOME PESSOAL
Nome pessoal Wood, Audrey.
240 10 - TÍTULO UNIFORME
Idioma da obra Português
250 ## - EDIÇÃO
Edição 5. ed.
245 10 - TÍTULO
Título A palavra feia de Alberto
Indicação de responsabilidade, etc. Audrey Wood; ilustrações de Audrey, Don Wood; tradução de Gisela Maria Padovan
260 ## - PUBLICAÇÃO, DISTRIBUIÇÃO, ETC.
Local de publicação, distribuição, etc. São Paulo
Nome do editor, distribuidor, etc. Ática
Data da publicação, distribuição, etc. 2000
300 ## - DESCRIÇÃO FÍSICA
Extensão 32p.
490 ## - TÍTULO DA SÉRIE
Título da série Abracadabra
520 ## - NOTA DE RESUMO, ETC
Resumo, etc. Às vezes, os palavrões ficam pairando sobre nós, esperando uma oportunidade de sair. Foi assim com Alberto, que levou uma bronca e teve que lavar a boca com sabão. Mas isso resolve?
521 ## - NOTA DO PÚBLICO ALVO
Nota de público alvo IK
697 ## - ENTRADA DE ASSUNTO LOCAL--ENTIDADE COLETIVA (RLIN)
Nome corporativo ou nome da jurisdição Literatura infantojuvenil.
697 ## - ENTRADA DE ASSUNTO LOCAL--ENTIDADE COLETIVA (RLIN)
Nome corporativo ou nome da jurisdição Palavrão.
700 ## - ENTRADA ADICIONADA - NOME PESSOAL
Nome pessoal Wood, Don
Datas associadas ao nome 1945
Função do autor por extenso ilustrador
Nome pessoal Padovan, Gisela Maria
Função do autor por extenso tradutor
830 ## - ENTRADA SECUNDÁRIA DE SÉRIE--TÍTULO UNIFORME
Título uniforme Abracadabra
856 ## - LOCALIZAÇÃO ELETRÔNICA E ACESSO
Uniform Resource Identifier <a href="000023/000023fb.jpg">000023/000023fb.jpg</a>
942 ## - ELEMENTOS DE ENTRADA ADICIONADOS (KOHA)
Tipo de material Koha Livros
Holdings
Situação do descarte Situação das perdas Fonte da classificação ou esquema de arquivamento na estante Situação física Não pode ser emprestado Biblioteca de origem Biblioteca atual Data de aquisição Total de empréstimos Número de chamada completo Código de barras Data de último acesso Data do último empréstimo Data do preço efetivo Tipo de material Koha
    Classificação Decimal de Dewey     ECB - SUDOESTE ECB - SUDOESTE 14/03/2014 1 JK 028 00007910SSW 21/05/2024 22/03/2024 23/01/2024 Livros
    Classificação Decimal de Dewey     ECB - SUDOESTE ECB - SUDOESTE 28/12/2020   SK 028 WOO 00052413SSW 23/01/2024   23/01/2024 Livros
    Classificação Decimal de Dewey     ECB - ÁGUAS CLARAS ECB - ÁGUAS CLARAS 03/03/2021   A SK 028 WOO 00053710AGC 23/01/2024   23/01/2024 Livros
    Classificação Decimal de Dewey     ECB - ÁGUAS CLARAS ECB - ÁGUAS CLARAS 03/03/2021   A SK 028 WOO 00053709AGC 23/01/2024   23/01/2024 Livros
    Classificação Decimal de Dewey     ECB - ÁGUAS CLARAS ECB - ÁGUAS CLARAS 17/11/2020   A SK 028 WOO 00051330AGC 23/01/2024   23/01/2024 Livros
    Classificação Decimal de Dewey     ECB - ÁGUAS CLARAS ECB - ÁGUAS CLARAS 17/11/2020   A SK 028 WOO 00051331AGC 23/01/2024   23/01/2024 Livros
          Leonardo Da Vinci - Alphaville 2 Leonardo Da Vinci - Alphaville 2 27/03/2024   028.5 W853p 2A882 27/03/2024   27/03/2024 Livros
          Leonardo Da Vinci - Osasco Leonardo Da Vinci - Osasco 27/03/2024   I W853p O009070 27/03/2024   27/03/2024 Livros
          Leonardo Da Vinci - Osasco Leonardo Da Vinci - Osasco 27/03/2024   I W853p O009069 27/03/2024   27/03/2024 Livros
          Leonardo Da Vinci - Osasco Leonardo Da Vinci - Osasco 27/03/2024   I W853p O006608 27/03/2024   27/03/2024 Livros